000 01156nam a2200241Ia 4500
003 Ost
005 20260416102350.0
008 260416s9999||||xx |||||||||||||| ||und||
040 _cfsecg
041 _aara
082 _a336
100 _aالجوزي، جميلة
_eمؤلف
245 0 _aمحاضرات في النظرية المالية الدولية /
_c جميلة الجوزي
260 _aالجزائر
_bجامعة الجزائر3: كلية العلوم الإقتصادية، العلوم التجارية وعلوم التسيير
_c(د.ت)
300 _a127 ورقة
_bايضاحات
_c30 سم
504 _aمراجع ص.125
520 _aميزان المدفوعات، سوق الصرف، المؤسسات المالية والنقدية والدولية،الأسواق المالية،الهندسة المالية
653 _aالسياسة المالية
653 _aالمالية العامة
653 _aميزان المدفوعات
710 _aجامعة الجزائر3: كلية العلوم الإقتصادية، العلوم التجارية وعلوم التسيير
_eناشر علمي
942 _cHANDOUT
999 _c40959
_d40959